000 01384cam a22004334i 4500
003 PE-LiUPU
005 20250731184524.0
008 150616s r 000 0 d
035 _a(Sirsi) a1959
040 _aPE-LiUPU
_bspa
_cPE-LiUPU
_erda
049 _aPRUA
082 0 4 _a985
_bH673
_221
245 0 0 _aHistoria del Perú :
_nTomo 1 /
_cJuan Mejia Baca, ed.
264 1 _aLima :
_bEditorial Juan Mejia Baca,
_c1980.
300 _a524 páginas :
_bilustraciones ;
_c21 centímetros.
336 _atext
_2rdacontent
337 _aunmediated
_2rdamedia
338 _avolume
_2rdacarrier
505 0 _aOrígenes del hombre y la cultura andinos -- Período arcaico (5000-1800) -- El período formativo -- Las culturas regionales tempranas.
526 _aP136
526 _aP135
526 _aP134
526 _aP133
526 _aP144
526 _aP143
526 _aP87
526 _aP35
526 _aP20
526 _aP14
526 _aP10
526 _aP06
651 _aPerú
_xHistoria
_yOrígenes, 5000-1800 a. C.
700 1 _aMejia Baca, Juan,
_eeditor.
910 _ajck
942 _2ddc
_cBK
949 _a985 M39 1
_wDEWEY
_c1
_i19070
_lCCODEBUL1
_mBUL
_p00.00
_r0
_sY
_tBOOK
_u19810615
_xEDUCACION
_0COMPRA
_o.STAFF. Colección General
999 _c19408
_d19408
980 _81
_gALBERTO SANCHEZ Responsable de Automatización